| 000 | 00531nam a2200217 a 4500 | ||
|---|---|---|---|
| 999 |
_c6979 _d6979 |
||
| 001 | 6979 | ||
| 003 | BD-JhCC | ||
| 005 | 20180203130810.0 | ||
| 008 | 171210s1966 e a|||| ||a| 000 0 eng d | ||
| 035 | _a(BD-JhCC)6979 | ||
| 040 |
_aBD-JhCC _dBD-JhCC |
||
| 041 | _aeng | ||
| 082 |
_a823.91 _bBOD 1966 |
||
| 100 | _aBoden, Hilda | ||
| 245 |
_aA Job For Noel / _cHilda Boden |
||
| 260 |
_aLondon : _bBurke Publishing Company, _c1966. |
||
| 300 |
_a123 p. : _c18cm. |
||
| 650 | _aBoden, Hilda | ||
| 942 |
_2ddc _cBK |
||